| 000 | 00630nam a2200193Ia 4500 | ||
|---|---|---|---|
| 008 | 220216s9999 xx 000 0 und d | ||
| 100 | _aGeorge B. | ||
| 245 | 0 | _aMechanical properties of SAN/NR-g-SAN blends | |
| 260 |
_bInternational Seminar on Frontiers of Polymer Science and Engineering, MACRO 2002, 9-11 December 2002, Indian Institute of Technology, Kharagpur, India _c2002 |
||
| 650 | _aImpact modification | ||
| 650 | _aMechanical property | ||
| 650 | _aSAN/NR-g-SAN | ||
| 700 | _aGeorge K.M. | ||
| 700 | _aJoseph S.[b] | ||
| 700 | _aMathew N.M. | ||
| 700 | _aThomas K.T. | ||
| 700 | _aVarkey J.K. | ||
| 942 | _cBS | ||
| 999 |
_c52417 _d52417 |
||